Landslide decision (Record no. 63435)

MARC details
000 -LEADER
fixed length control field 00864cam a2200229 4500
001 - CONTROL NUMBER
control field WB3618-23
008 - FIXED-LENGTH DATA ELEMENTS--GENERAL INFORMATION
fixed length control field 000000n2000 000 0 eng u
035 ## - SYSTEM CONTROL NUMBER
System control number (Sirsi) u105947
245 ## - TITLE STATEMENT
Title Landslide decision
260 ## - PUBLICATION, DISTRIBUTION, ETC.
Date of publication, distribution, etc. 2000
490 ## - SERIES STATEMENT
Series statement Estates Gazette
Volume/sequential designation (0018) 6 May 2000, 151(1)
520 ## - SUMMARY, ETC.
Summary, etc. Considers several cases, one being "Holbeck Hall Hotel Ltd v Scarborough BC" and the principle of duty of support, where the landowner whose land becomes hazardous through no fault of their own may be obligated to recitify the situation.
590 ## - LOCAL NOTE (RLIN)
Local note WB
650 ## - SUBJECT ADDED ENTRY--TOPICAL TERM
Topical term or geographic name entry element RIGHT OF SUPPORT
650 ## - SUBJECT ADDED ENTRY--TOPICAL TERM
Topical term or geographic name entry element DUTY OF CARE
650 ## - SUBJECT ADDED ENTRY--TOPICAL TERM
Topical term or geographic name entry element LANDSLIPS
650 ## - SUBJECT ADDED ENTRY--TOPICAL TERM
Topical term or geographic name entry element ADJOINING PROPERTIES
650 ## - SUBJECT ADDED ENTRY--TOPICAL TERM
Topical term or geographic name entry element LEAKEY V NATIONAL TRUST FOR PLACES OF HISTORIC INTEREST OR NATURAL BEAUTY
650 ## - SUBJECT ADDED ENTRY--TOPICAL TERM
Topical term or geographic name entry element HOLBECK HALL HOTEL LTD V SCARBOROUGH BC
690 ## - LOCAL SUBJECT ADDED ENTRY--TOPICAL TERM (OCLC, RLIN)
Topical term or geographic name as entry element PROPERTY
942 ## - ADDED ENTRY ELEMENTS (KOHA)
Suppress in OPAC 0
Holdings
Withdrawn status Lost status Source of classification or shelving scheme Damaged status Not for loan Home library Current library Shelving location Date acquired Total Checkouts Full call number Barcode Date last seen Copy number Price effective from Koha item type
    Dewey Decimal Classification     London London News article 11/05/2000   WB3618-23 105947-1001 06/08/2019 1 06/08/2019 News article